Govt. of
Madhya Pradesh

The Eleven Letters (Record no. 67928)

MARC details
000 -LEADER
fixed length control field 00238nam a22001097a 4500
082 ## - DEWEY DECIMAL CLASSIFICATION NUMBER
Classification number 824/SWA
100 ## - MAIN ENTRY--AUTHOR NAME
Personal name Swapnil
245 ## - TITLE STATEMENT
Title The Eleven Letters
260 ## - PUBLICATION, DISTRIBUTION, ETC. (IMPRINT)
Place of publication Jaipur
Name of publisher Holistic Publishing
Year of publication 2024
650 ## - SUBJECT ADDED ENTRY--TOPICAL TERM
Topical Term Letters
942 ## - ADDED ENTRY ELEMENTS (KOHA)
Koha item type Books
Holdings
Withdrawn status Lost status Damaged status Not for loan Home library Current library Date acquired Cost, normal purchase price Full call number Accession Number Price effective from Koha item type
        MACL MACL 19/04/2025 150.00 824/SWA DPI003600 19/04/2025 Books
        MACL MACL 19/04/2025 150.00 824/SWA DPI003599 19/04/2025 Books